| 000 -LEADER |
| fixed length control field |
00902nam a2200253Ii 4500 |
| 020 ## - INTERNATIONAL STANDARD BOOK NUMBER |
| ISBN |
1402060580 |
| 020 ## - INTERNATIONAL STANDARD BOOK NUMBER |
| ISBN |
1402060599 (ebook) |
| 020 ## - INTERNATIONAL STANDARD BOOK NUMBER |
| ISBN |
9781402060588 |
| 020 ## - INTERNATIONAL STANDARD BOOK NUMBER |
| ISBN |
9781402060595 (ebook) |
| 040 ## - CATALOGING SOURCE |
| Transcribing agency |
YNG |
| 082 ## - DEWEY DECIMAL CLASSIFICATION NUMBER |
| Classification number |
632 ARE 2007 A006 Or. |
| 245 00 - TITLE STATEMENT |
| Title |
Area-wide control of insect pests : |
| Remainder of title |
from research to field implementation / |
| 246 3# - VARYING FORM OF TITLE |
| Title proper/short title |
Area wide control of insect pests |
| 300 ## - PHYSICAL DESCRIPTION |
| Number of Pages |
xv, 789 pages : |
| Other physical details |
illustrations (some color), maps (some color) ; |
| Dimensions |
24 cm |
| 650 #0 - SUBJECT ADDED ENTRY--TOPICAL TERM |
| Topical Term |
Insect pests |
| 700 1# - ADDED ENTRY--PERSONAL NAME |
| Personal name |
Hendrichs, J. |
| 700 1# - ADDED ENTRY--PERSONAL NAME |
| Personal name |
Robinson, A. S. |
| 700 1# - ADDED ENTRY--PERSONAL NAME |
| Personal name |
Vreysen, M. J. B. |
| 710 2# - ADDED ENTRY--CORPORATE NAME |
| Corporate name or jurisdiction name as entry element |
Ohio Library and Information Network. |
| 856 40 - ELECTRONIC LOCATION AND ACCESS |
| Uniform Resource Identifier |
http://rave.ohiolink.edu/ebooks/ebc/9781402060595 |
| 856 40 - ELECTRONIC LOCATION AND ACCESS |
| Uniform Resource Identifier |
http://dx.doi.org/10.1007/978-1-4020-6059-5 |
| 856 40 - ELECTRONIC LOCATION AND ACCESS |
| Uniform Resource Identifier |
http://proxy.ohiolink.edu:9099/login?url=http://dx.doi.org/10.1007/978-1-4020-6059-5 |
| 942 ## - ADDED ENTRY ELEMENTS (KOHA) |
| Koha item type |
ADB |
| 952 ## - LOCATION AND ITEM INFORMATION (KOHA) |
| Withdrawn status [LOCAL, KOHA] |
0 |